Українсько-аргентинські зв’язки (1880-ті – 1939 р.) (Запис № 459610)
[ простий вигляд ]
| 000 -Лідер | |
|---|---|
| fixed length control field | 03475nam a22002657a 4500 |
| 001 - Контрольний номер | |
| control field | 216218674 |
| 003 - Ідентифікатор контрольного номера | |
| control field | UA-OsUOA |
| 005 - Дата та час останнього входження (трансакції) | |
| control field | 20201228120618.0 |
| 008 - Елементи даних фіксованої довжини – загальна інформація | |
| fixed length control field | 200618b un ||||| m||| 00| 0 ukr d |
| 040 ## - Джерело каталогізації | |
| Агенція оригінальної каталогізації | UA-OsUOA |
| Мова каталогізації | ukr |
| Агенція, яка здійснювала перезапис | UA-OsUOA |
| Агенція, яка здійснювала модифікацію | UA-OsUOA |
| 041 ## - Код мови | |
| Код мови тексту/ звукової доріжки чи окремого заголовка (П) | ukr |
| 080 ## - Індекс Універсальної десяткової класифікації | |
| Індекс Універсальної десяткової класифікації (УДК) (НП) | 94:327(477+82)""1880–1939 |
| 090 ## - Локальний шифр розміщення | |
| Класифікаційний індекс УДК | 94:327(477+82)""1880–1939 |
| 095 ## - Код спеціальності для авторефератів | |
| Код спеціальності | 07.00.01 |
| Назва спеціальності | історія України |
| 100 ## - Основне введення – ім’я особи | |
| Ім’я особи (НП) | Погромський В. О. |
| 245 ## - Відомості про назву | |
| Назва (НП) | Українсько-аргентинські зв’язки (1880-ті – 1939 р.) |
| Дані про відповідальність (НП) | Погромський Віктор Олександрович ; наук. керівник Богданова Тетяна Євгенівна |
| 260 ## - Публікація, розповсюдження і т.п. (Вихідні дані) | |
| Місце публікації, розповсюдження і т.п. (П) | Миколаїв |
| Дата публікації, розповсюдження і т.п. (П) | 2012 |
| 300 ## - Фізичний опис | |
| Обсяг | 20 с. |
| 502 ## - Примітка про дисертацію | |
| Зв'язок | Автореферат дисертації на здобуття наукового ступеня кандидата історичних наук<br/> |
| Наймення інституції, що представляється | Чорноморський державний університет ім. Петра Могили |
| Рік отримання вченого ступеня | 2012 |
| 520 ## - Резюме і т.п. | |
| Резюме, реферат, анотація, тощо (НП) | Дисертація є комплексним дослідженням процесів становлення та розвитку українсько-аргентинських зв’язків у Наддніпрянській і Західній Україні наприкінці XIX – першої третини XX століття. <br/>Їх генеза припадає на останню чверть XIX століття, коли етнічні українські землі входили до складу Австро-Угорщини та Росії. Заснування Консульств Аргентинської Республіки у Львові та Одесі сприяло як розвитку торгівельних зв’язків, так і розгортанню еміграційного руху населення українських земель до Аргентини, значний відсоток якого становили євреї. Важливу роль у даному процесі відіграло Єврейське колонізаційне товариство на чолі з М. де Гіршем. <br/>Під час української національної революції Аргентина, єдина серед країн Латинської Америки, визнала Українську Народну Республіку (1921) і встановила з нею дипломатичні відносини. <br/>У міжвоєнний період відсутність офіційних відносин між Радянською Україною та Аргентиною не заважала розвитку комерційних, міграційних та інших зв'язків, у тому числі й взаємин між комуністичними партіями країн у рамках Комінтерну та МОДР. Головним напрямом у розвитку зв’язків Західної України з Аргентиною у 1920-ті – 1930-ті рр. була трудова міграція населення до Аргентини. |
| 650 ## - Додаткове предметне введення – тематичний термін | |
| Джерело заголовка чи терміна | UDC |
| Тематичний термін чи географічна назва, як елемент введення (НП) | 94 Історія |
| 942 ## - Додаткові елементи входу (Коха) | |
| Source of classification or shelving scheme | Universal Decimal Classification |
| Тип елемента Koha | Автореферат |
| 955 ## - Код типу видання за змістом | |
| Код типу видання за змістом (НП) | Наукові видання |
Немає доступних примірників.